Chicoria: divagaciones desde la música latinoamericana
Guardat en:
| Autor principal: | |
|---|---|
| Format: | Llibre |
| Idioma: | espanyol |
| Publicat: |
Valparaíso
Cadenza
2018
|
| Edició: | 1a. ed |
| Matèries: | |
| Etiquetes: |
Afegir etiqueta
Sense etiquetes, Sigues el primer a etiquetar aquest registre!
|
MARC
| LEADER | 00000cam a2200000 a 4500 | ||
|---|---|---|---|
| 001 | UCC7118 | ||
| 003 | CL-VaPUC | ||
| 008 | 190304e20180000cl |||||||||||||||||spa|d | ||
| 020 | |a 9789560923103 | ||
| 082 | 0 | 4 | |a 780.92 |b SAN |2 21 |
| 100 | 0 | |a Sánchez, Juan Antonio |e author |9 601612 | |
| 245 | 1 | 0 | |a Chicoria: divagaciones desde la música latinoamericana |
| 250 | |a 1a. ed | ||
| 300 | |a 147 p | ||
| 942 | |c BK | ||
| 945 | |d 20190304 12:48:00 |a dcastane | ||
| 260 | |a Valparaíso |b Cadenza |c 2018 | ||
| 650 | 0 | |a Músicos chilenos |9 306645 | |
| 650 | 0 | |a Musicología |9 306520 | |
| 583 | |a last modification |c 20190304 12:48:00 |k Rodrigo Vera | ||
| 999 | |c 373853 |d 373851 | ||
| 952 | |0 0 |1 0 |3 erb |4 0 |6 780_920000000000000_SAN_2018 |7 0 |8 X |9 492100 |a BIBEDU |b BIBEDU |i 5534011 |o 780.92 SAN 2018 |p 5534011 |r 2023-01-12 |w 2019-11-24 |y BK_X |z Catalogado en:20190304 |k MUS | ||